书目信息 |
| 题名: |
房屋建筑学课程设计指导
|
|
| 作者: | 崔艳秋 , 姜丽荣 主编 | |
| 分册: | ||
| 出版信息: | 北京 中国建筑工业出版社 1999.12 |
|
| 页数: | 189页 | |
| 开本: | 16开 | |
| 丛书名: | ||
| 单 册: | ||
| 中图分类: | TU22 | |
| 科图分类: | ||
| 主题词: | 建筑构造--结构设计 | |
| 电子资源: | ||
| ISBN: | 7-112-03875-8 | |
| 000 | 00635nam0 2200205 45 | |
| 001 | 0011191064 | |
| 005 | 20001119101639.6 | |
| 010 | @a7-112-03875-8@d14.50元 | |
| 100 | @a20001119d1999 km y0chiy0120 ea | |
| 101 | 0 | @achi |
| 105 | @a z 000yy | |
| 200 | 1 | @a房屋建筑学课程设计指导@AFang Wu Jian Zhu Xue Ke Cheng She Ji Zhi Dao@f崔艳秋,姜丽荣主编@FCui Yan Qiu,Jiang Li Rong Zhu Bian |
| 210 | @a北京@c中国建筑工业出版社@d1999.12 | |
| 215 | @a189页@d16开 | |
| 606 | 0 | @a建筑构造@x结构设计 |
| 690 | @aTU22@v3 | |
| 701 | 0 | @a崔艳秋@4主编 |
| 701 | 0 | @a姜丽荣@4主编 |
| 801 | @aCN@bPftUser@c20001119 | |
| 905 | @b416848-852@dTU22@eC695@f5 | |
| 房屋建筑学课程设计指导/崔艳秋,姜丽荣主编.-北京:中国建筑工业出版社,1999.12 |
| 189页;16开 |
| ISBN 7-112-03875-8:14.50元 |
| ● |
| 相关链接 |
|
|
|
正题名:房屋建筑学课程设计指导
索取号:TU22/C695
 
预约/预借
| 序号 | 登录号 | 条形码 | 馆藏地/架位号 | 状态 | 备注 |
| 1 | 416848 | 204168480 | 建筑库101/101建筑库 45排4列4层/ [索取号:TU22/C695] | 在馆 | |
| 2 | 416849 | 204168499 | 建筑库101/ [索取号:TU22/C695] | 在馆 | |
| 3 | 416850 | 204168505 | 建筑库101/101建筑库 45排4列4层/ [索取号:TU22/C695] | 在馆 | |
| 4 | 416851 | 204168514 | 建筑库101/101建筑库 45排4列4层/ [索取号:TU22/C695] | 在馆 | |
| 5 | 416852 | 204168523 | 建筑库101/101建筑库 45排4列4层/ [索取号:TU22/C695] | 在馆 |